[Event "Challenge"]
[Site "http://www.queenalice.com/game.php?id=245040"]
[Date "2007.7.24"]
[Round "-"]
[White "Juventus"]
[Black "CHUCKY"]
[Result "1-0"]
[WhiteElo "1638"]
[BlackElo "1277"]

1. Nf3 f5 2. e3 Nf6 3. g3 e6 4. Bh3 b6 5. O-O Ba6 6. d3 Nc6 7. b3 Nh5 8. Nc3 Ne7
9. Ne5 Qb8 10. Qxh5+ g6 11. Qg5 Qb7 12. Qf6 O-O-O 13. Qxh8 d6 14. Nf7 Qc6 15.
Nxd8 Kxd8 16. Qxf8+ Kd7 17. Qg7 Bb7 18. e4 Qc5 19. Bg5 Qb4 20. Qxe7+ Kc6 21.
Qe8+ Kc5 22. Be3+ Qd4 23. Bxd4+ Kxd4 24. Ne2+ Kc5 25. Qxe6 Kb4 26. Qc4+ Ka3 27.
Rfb1 b5 28. Qxc7 Kb4 29. c3+ Ka3 30. Qa5# 1-0

[Event "Chucky - O retorno"]
[Site "http://www.queenalice.com/game.php?id=248740"]
[Date "2007.7.31"]
[Round "-"]
[White "PotHix"]
[Black "CHUCKY"]
[Result "0-1"]
[WhiteElo "1454"]
[BlackElo "1219"]

1. c4 d5 2. e3 Nf6 3. Nf3 Nbd7 4. Nc3 Nb6 5. b3 e6 6. d3 Bb4 7. a3 Bxc3+ 8. Bd2
Bb2 9. Ra2 Ng4 10. Rxb2 Qd6 11. h3 Nh6 12. Bb4 c5 13. Bc3 O-O 14. d4 Rd8 15.
dxc5 Qxc5 16. b4 Qc7 17. Qd4 Nf5 18. Qe5 Qd6 19. g4 Nxc4 20. Bxc4 dxc4 21. gxf5
Qd1# 0-1

[Event "Let's play"]
[Site "http://www.queenalice.com/game.php?id=249032"]
[Date "2007.8.1"]
[Round "-"]
[White "CHUCKY"]
[Black "Pops"]
[Result "1-0"]
[WhiteElo "1258"]
[BlackElo "1370"]

1. c4 e5 2. Nc3 Bc5 3. Nf3 d6 4. h3 Ne7 5. Ng5 h6 6. Nge4 Be6 7. e3 d5 8. Nxc5
b6 9. Nxe6 fxe6 10. cxd5 exd5 11. Qf3 Nbc6 12. Qh5+ g6 13. Qg4 h5 14. Qf3 Rf8
15. Qe2 Qd7 16. Nb5 O-O-O 17. b3 d4 18. Qd3 Nf5 19. Ba3 Rfe8 20. Rc1 e4 21. Qc4
a6 22. Qa4 axb5 23. Bxb5 Re5 24. Qa8+ 1-0

[Event "Challenge"]
[Site "http://www.queenalice.com/game.php?id=250709"]
[Date "2007.8.4"]
[Round "-"]
[White "mogerio"]
[Black "CHUCKY"]
[Result "0-1"]
[WhiteElo "1289"]
[BlackElo "1282"]

1. e4 Nf6 2. e5 Ne4 3. Bd3 d5 4. f3 Nc5 5. Bb5+ c6 6. Be2 e6 7. Bd3 Ncd7 8. f4
Qh4+ 9. g3 Qh3 10. Nxh3 Bb4 11. c3 Bc5 12. Qh5 g6 13. Qh6 Na6 14. Qg7 Rf8 15.
Na3 d4 16. Be2 dxc3 17. bxc3 Nc7 18. d3 Nd5 19. f5 exf5 20. Ng5 Nxc3 21. Qxf7+
Rxf7 22. Nxf7 Kxf7 23. d4 Bxd4 24. Bc4+ Kf8 25. Bh6+ Ke7 26. Bg5+ Kf8 27. Bc1
Nxe5 28. Bf1 Bd7 29. Bf4 Nf3# 0-1

[Event "Challenge"]
[Site "http://www.queenalice.com/game.php?id=250710"]
[Date "2007.8.4"]
[Round "-"]
[White "mogerio"]
[Black "CHUCKY"]
[Result "0-1"]
[WhiteElo "1367"]
[BlackElo "1307"]

1. e4 d5 2. e5 e6 3. d4 Bb4+ 4. Bd2 Qe7 5. Bxb4 Qxb4+ 6. Qd2 Qxb2 7. Qc3 Qc1+ 8.
Ke2 h5 9. Qb4 Qxc2+ 10. Ke1 Rh6 11. Qd2 Qe4+ 12. Qe2 Qf4 13. Qb5+ c6 14. Qe2
Qxd4 15. Qe3 Qxa1 16. Qc1 Qxe5+ 17. Qe3 Qf5 18. Bd3 Qf6 19. Nf3 Qd8 20. Ke2 Qa5
21. Qd2 Qc7 22. Ne5 Qxe5+ 23. Qe3 Qa1 24. Re1 Qxa2+ 25. Kf1 e5 26. Qxe5+ Re6 27.
Qf4 Qb2 28. Qc1 Qb4 29. Nd2 Qe7 30. Qd1 Qb4 31. Qb1 Qxd2 32. Qd1 Qc3 33. Re3 Qd4
34. Rxe6+ Bxe6 35. Qxh5 Qxd3+ 36. Qe2 Qxe2+ 37. Kxe2 Na6 0-1

[Event "O Empate de CHUCKY"]
[Site "http://www.queenalice.com/game.php?id=253458"]
[Date "2007.8.9"]
[Round "-"]
[White "PotHix"]
[Black "CHUCKY"]
[Result "1-0"]
[WhiteElo "1467"]
[BlackElo "1274"]

1. d4 Nf6 2. c4 c6 3. e3 d6 4. Nf3 Ne4 5. Bd3 Qa5+ 6. Nbd2 Nxd2 7. Bxd2 Qh5 8.
O-O Bf5 9. e4 Bg4 10. h3 Bxh3 11. gxh3 Qxh3 12. e5 Qg4+ 13. Kh2 h5 14. Rg1 Qe6
15. Qb3 g5 16. Qxb7 Bg7 17. Qxa8 O-O 18. Qxa7 Nd7 19. Rae1 c5 20. exd6 Qxd6+ 21.
Kh1 g4 22. Ne5 Nxe5 23. dxe5 Qxd3 24. Be3 Qe4+ 25. f3 Qxf3+ 26. Rg2 h4 27. Qd7
e6 28. Qd1 Qe4 29. Qxg4 Qxe5 30. Qxh4 Qf6 31. Qxf6 e5 32. Qxg7# 1-0

[Event "The Ultimate Chucky"]
[Site "http://www.queenalice.com/game.php?id=258586"]
[Date "2007.8.20"]
[Round "-"]
[White "PotHix"]
[Black "CHUCKY"]
[Result "1-0"]
[WhiteElo "1509"]
[BlackElo "1294"]

1. d4 Nf6 2. c4 Nc6 3. e3 e6 4. Nf3 g5 5. h3 d5 6. Nxg5 Rg8 7. Nf3 Ne4 8. Nc3
Bb4 9. Qd3 f5 10. a3 Bc5 11. dxc5 Ne5 12. Nxe5 Qh4 13. Nxe4 fxe4 14. Qb3 Rf8 15.
Nf3 exf3 16. gxf3 Rxf3 17. Rh2 e5 18. cxd5 Bxh3 19. Bxh3 Rxh3 20. Rxh3 Qxh3 21.
Qxb7 Rd8 22. f4 Qh1+ 23. Ke2 Qg2+ 24. Kd1 Qf3+ 25. Kc2 Qe2+ 26. Bd2 Qc4+ 27. Bc3
Rxd5 28. Rd1 Qe2+ 29. Rd2 Rxd2+ 30. Bxd2 Qg4 31. Qxc7 Qf5+ 32. Kc1 Qd7 33. Qxe5+
Qe7 34. Qb8+ Kf7 35. b4 h5 36. Be1 Qxe3+ 37. Kd1 Qd3+ 38. Bd2 Qf1+ 39. Kc2 Qc4+
40. Bc3 Qe4+ 41. Kb3 h4 42. Qxa7+ Kg6 43. Qg7+ Kh5 44. Bd2 Qd5+ 45. Ka4 Qxd2 46.
Qg5# 1-0

[Event "For Victory!"]
[Site "http://www.queenalice.com/game.php?id=283608"]
[Date "2007.10.9"]
[Round "-"]
[White "PotHix"]
[Black "CHUCKY"]
[Result "1-0"]
[WhiteElo "1592"]
[BlackElo "1334"]

1. d4 Nf6 2. Nf3 e6 3. c4 Ne4 4. Bf4 Bb4+ 5. Nfd2 Qh4 6. g3 Qh5 7. Nc3 Nxc3 8.
bxc3 Bxc3 9. Rb1 Bxd4 10. e3 Qxd1+ 11. Rxd1 Bc3 12. Bg2 d5 13. O-O Nc6 14. cxd5
exd5 15. Bxd5 Nb4 16. Bb3 Nd3 17. Ne4 Nxf4 18. exf4 O-O 19. Nxc3 Re8 20. Ne4 Bg4
21. Rde1 Bf3 22. Ng5 Rxe1 23. Rxe1 Bg4 24. Nxf7 Kf8 25. Re5 Bf3 26. h3 c5 27.
Ng5 g6 28. Ne6+ Ke8 29. Nc7+ Kd7 30. Nxa8 Kc6 31. f5 gxf5 32. Rxf5 Be4 33. Rf7
Kd6 34. Rf6+ Ke5 35. Rf7 Kd4 36. f4 Ke3 37. f5 Kf3 38. g4 Kg3 39. Kf1 Bd3+ 40.
Ke1 c4 41. Rxh7 cxb3 42. axb3 Kf3 43. Rxb7 a5 44. f6 Be4 45. Rb8 Bd5 46. Nc7 Bf7
47. b4 a4 48. Nb5 Bc4 49. Rb7 Bd5 50. Ra7 Bc4 51. f7 Bxb5 52. f8=Q+ Ke3 53. Qc5+
Kf3 54. Qxb5 Kg3 55. Qf1 Kh2 56. Kf2 a3 57. Qg2# 1-0

[Event "De novo-"]
[Site "http://www.queenalice.com/game.php?id=316218"]
[Date "2007.12.6"]
[Round "-"]
[White "CHUCKY"]
[Black "PotHix"]
[Result "0-1"]
[WhiteElo "1339"]
[BlackElo "1589"]

1. e4 c5 2. c3 d5 3. Qa4+ Bd7 4. Bb5 dxe4 5. Nh3 Nf6 6. Qc4 a6 7. Ng5 e6 8. Qa4
Bxb5 9. Qd1 Nc6 10. f3 Qd5 11. Na3 Bd3 12. fxe4 Qxg5 13. Qb3 Qxg2 14. Qxb7 Qe2#
0-1

[Event "mais uma!!!"]
[Site "http://www.queenalice.com/game.php?id=321996"]
[Date "2007.12.18"]
[Round "-"]
[White "PotHix"]
[Black "CHUCKY"]
[Result "1/2-1/2"]
[WhiteElo "1615"]
[BlackElo "1334"]

1. d4 Nc6 2. e3 Nf6 3. Nf3 e6 4. c4 Bb4+ 5. Bd2 Ne4 6. Bd3 Nd6 7. a3 Ba5 8. b4
b6 9. bxa5 Ba6 10. Bb4 Nxb4 11. axb4 Bxc4 12. O-O Bd5 13. Nbd2 Rb8 14. e4 Bc6
15. e5 Nb7 16. h3 bxa5 17. b5 Bd5 18. Be4 c6 19. Bxd5 exd5 20. Qb3 O-O 21. bxc6
dxc6 22. Rfe1 Nd6 23. Qa3 Nb5 24. Qc5 Qb6 25. Nb3 Nc7 26. Nxa5 Ne6 27. Qxc6 Rbc8
28. Qxd5 Nf4 29. Qe4 Ng6 30. g4 Qe6 31. d5 Qe8 32. d6 Qd8 33. Nc6 Qb6 34. Rec1
Rfe8 35. d7 Rcd8 36. dxe8=Q+ Rxe8 37. Rxa7 Qb2 38. Rca1 Re6 39. Ra8+ Nf8 40. Rb1
Qc3 41. Rbb8 g5 42. Nxg5 Qc1+ 43. Kg2 Qxg5 44. Rxf8+ Kg7 45. Rg8+ Kh6 46. Rxg5
f6 47. Nd8 fxg5 48. Nxe6 1/2-1/2

[Event "Challenge"]
[Site "http://www.queenalice.com/game.php?id=322799"]
[Date "2007.12.19"]
[Round "-"]
[White "CHUCKY"]
[Black "Pero_Motta"]
[Result "0-1"]
[WhiteElo "1336"]
[BlackElo "2130"]

1. c4 e5 2. Nf3 Nc6 3. Nc3 Nf6 4. c5 Bxc5 5. d4 exd4 6. Nb1 Qe7 7. Qd3 Nb4 8.
Qc4 Ne4 9. a3 d5 10. Qb5+ c6 11. Qa4 Nd3+ 12. exd3 Nc3+ 13. Kd2 Nxa4 14. b4 Bb6
15. Kd1 Bg4 16. h3 Bxf3+ 17. gxf3 O-O-O 18. Bf4 Qf6 19. Bg3 Qxf3+ 20. Ke1 Nb2
21. Be2 Rde8 22. Nc3 dxc3 23. Kf1 Qxe2+ 24. Kg2 Nxd3 25. Raf1 c2 26. a4 c1=Q 27.
Rxc1 Nxc1 28. Rxc1 Qe4+ 29. Kf1 Qh1# 0-1

[Event "Again....."]
[Site "http://www.queenalice.com/game.php?id=345811"]
[Date "2008.1.31"]
[Round "-"]
[White "PotHix"]
[Black "CHUCKY"]
[Result "1-0"]
[WhiteElo "1630"]
[BlackElo "1350"]

1. d4 e6 2. c4 Nh6 3. Nf3 d6 4. Nc3 d5 5. e3 a6 6. Bd3 b5 7. cxd5 exd5 8. a3 c6
9. b4 a5 10. bxa5 Rxa5 11. a4 b4 12. Ne2 Bg4 13. Rb1 Nd7 14. Bd2 Qb6 15. Rxb4
Qa7 16. Rb2 Nb6 17. Bxa5 Qxa5+ 18. Qd2 Qxa4 19. Rxb6 Qa1+ 20. Bb1 Bf5 21. O-O
Qa3 22. h3 Qd6 23. Ng3 Bg4 24. hxg4 Nxg4 25. Bf5 h5 26. Ra1 Be7 27. e4 dxe4 28.
Bxe4 O-O 29. Nf5 Qc7 30. Rxc6 Qb8 31. d5 Qb7 32. Rb1 Qa7 33. Qc3 Qxf2+ 34. Kh1
Bf6 35. Rc8 Rxc8 36. Qxc8+ Kh7 37. Ne7+ g6 38. Qg8+ Kh6 39. Qxf7 Ne5 40. Qxf6
Qg3 41. Ng8+ Kh7 42. Rb7+ Kxg8 43. Qg7# 1-0

[Event "Challenge"]
[Site "http://www.queenalice.com/game.php?id=375431"]
[Date "2008.3.22"]
[Round "-"]
[White "CHUCKY"]
[Black "Bessi"]
[Result "0-1"]
[WhiteElo "1345"]
[BlackElo "1220"]

1. e4 e5 2. Nf3 Nc6 3. h4 Nf6 4. Bc4 Nxe4 5. d3 Nf6 6. Ng5 d5 7. Bb5 h6 8. Rg1
hxg5 9. Bxg5 Qd6 10. c3 a6 11. Ba4 Bf5 12. f3 O-O-O 13. g4 Be6 14. h5 d4 15. Na3
dxc3 16. bxc3 Qxa3 17. h6 Qxc3+ 18. Ke2 Rxd3 19. Qxd3 Bc4 20. Rad1 Qb2+ 21. Rd2
Bxd3+ 22. Kxd3 Qd4+ 23. Ke2 Qxg1 24. Rd1 Qg2+ 25. Ke3 Bc5+ 26. Kd3 Qxf3+ 27. Kc4
gxh6 28. Bxf6 Qxf6 29. Kxc5 Qf2+ 30. Kc4 b5+ 0-1